00381pab a2200145 454500008004000000100001800040245004800058260000900106300001200115362000800127650002100135650001500156700001600171773004800187180718b1998 xxu||||| |||| 00| 0 eng d aO'Brien, John aIntroduction: the state of state employment c1998 ap.46-48 aJun aLabour relations aEmployment aHort, Linda aAustralian Journal of Public Administration